Child Labor and Public Policy in a Global Setting.

Provides background information on child production labor in the global market, and reviews legislative proposals in the 105th Congress concerned with the improvement of conditions of employed children abroad, and the prohibition of the most extreme types of child labor.

Bibliographic Details
Corporate Authors: Library of Congress. Congressional Research Service, ProQuest (Firm)
Format: eBook
Language:English
Published: [Place of publication not identified] : [publisher not identified], 1998.
Series:U.S. Congressional Research.
Subjects:
Online Access:Connect to the full text of this electronic book

MARC

Tag First Indicator Second Indicator Subfields
LEADER 00000cam a22000001a 4500
001 in00003376521
006 m d f
007 cr bn mmmapmmp
008 100717s1998 dcu o f000 0 eng d
005 20260429202711.5
035 |a cis2007892498 
040 |a ProQuest  |c ProQuest  |d UtOrBLW 
043 |a n-us--- 
099 |a CRS-1998-ECN-0242 
110 2 |a Library of Congress.  |b Congressional Research Service. 
245 1 0 |a Child Labor and Public Policy in a Global Setting. 
264 1 |a [Place of publication not identified] :  |b [publisher not identified],  |c 1998. 
300 |a 1 online resource. 
336 |a text  |b txt  |2 rdacontent 
337 |a computer  |b c  |2 rdamedia 
338 |a online resource  |b cr  |2 rdacarrier 
500 |a Record is based on bibliographic data in ProQuest U.S. Congressional Research Digital Collection (last viewed July 2010). Reuse except for individual research requires license from ProQuest, LLC. 
500 |a CRS Report. 
520 |a Provides background information on child production labor in the global market, and reviews legislative proposals in the 105th Congress concerned with the improvement of conditions of employed children abroad, and the prohibition of the most extreme types of child labor. 
500 |a Electronic resource. 
650 0 |a Child abuse. 
650 0 |a Child labor. 
650 0 |a International relations. 
655 7 |a Electronic books.  |2 local 
710 2 |a ProQuest (Firm) 
776 0 8 |i Microfiche version:   |a Library of Congress. Congressional Research Service.  |t Child Labor and Public Policy in a Global Setting 
830 0 |a U.S. Congressional Research. 
856 4 0 |u http://proxy.library.tamu.edu/login?url=https://congressional.proquest.com/congcomp/getdoc?CRDC-ID=CRS-1998-ECN-0242  |z Connect to the full text of this electronic book  |t 0 
999 |a MARS 
999 f f |s d2379b7d-2659-311d-8cfd-64fb183bceb5  |i 2d6f03c0-e3f3-3129-bb5f-8aedfdfdb550  |t 0 
952 f f |a Texas A&M University  |b College Station  |c Electronic Resources  |s www_evans  |d Available Online  |t 0  |e CRS-1998-ECN-0242  |h Other scheme 
998 f f |a CRS-1998-ECN-0242  |t 0  |l Available Online